London Underground - Bakerloo Line (In order) - Statistics

General Stats
  • This quiz has been taken 78 times
  • The average score is 20 of 25
Answer Stats
Hint Answer % Correct
North End Harrow & Wealdstone
96%
Kenton
88%
South Kenton
88%
Baker Street
84%
South End Elephant & Castle
84%
Oxford Circus
84%
Piccadilly Circus
84%
Wembley Central
84%
Charing Cross
80%
Harlesden
80%
Lambeth North
80%
Marylebone
80%
North Wembley
80%
Paddington
80%
Waterloo
80%
Edgware Road
76%
Embankment
76%
Kensal Green
76%
Maida Vale
76%
Queen's Park
76%
Regent's Park
76%
Stonebridge Park
76%
Warwick Avenue
76%
Willesden Junction
76%
Kilburn Park
72%
No matching quizzes found
Score Distribution
Percent of People with Each Score
Percentile by Number Answered
Your Score History
You have not taken this quiz